000 00601cam a2200217 a 4500
001 000017576
003 UkOxU
005 20200929165146.0
008 021214s1967 sp b 000 f spa d
082 _a843.9
_bA888h
100 1 _aAub, Max,
_d1903-1972
_913819
245 1 0 _aHablo como hombre /
_cMax Aub.
260 _aMéxico :
_bJoaquín Mortiz,
_c1967.
300 _a162 p. ;
_c18 cm.
490 1 _aSus obras incompletas
650 4 _aNovela francesa
_91075
650 4 _aLiteratura francesa
_ySIGLO XX
_94232
830 0 _aSus obras incompletas ;
_938345
049 _aBNGR
999 _c17101
_d17101
040 _aDO-SdBNP